Vplyv pandémie COVID-19 na vzdelávanie zamestnancov vo vybranom podniku bakalárska práca

Guardado en:
Detalles Bibliográficos
Autor principal: Hockicková, Lucia
Autor Corporativo: Podnikovohospodárska fakulta EU so sídlom v Košiciach. Katedra manažmentu
Otros Autores: Barkóciová, Miroslava, 1996-
Formato: Libro
Lenguaje:eslovaco
Publicado: Košice 2023
Etiquetas: Agregar Etiqueta
Sin Etiquetas, Sea el primero en etiquetar este registro!

MARC

LEADER 00000nbm a2200000 4500
001 0294364
005 20240715095337.6
041 0 |a slo 
044 |a SK 
245 1 0 |a Vplyv pandémie COVID-19 na vzdelávanie zamestnancov vo vybranom podniku  |b bakalárska práca  |c Lucia Hockicková ; školiteľ: Miroslava Barkóciová 
264 1 |a Košice  |c 2023 
300 |a 59 s. 
100 1 |a Hockicková, Lucia 
700 1 |a Barkóciová, Miroslava, 1996- 
710 2 |a Podnikovohospodárska fakulta EU so sídlom v Košiciach. Katedra manažmentu